| 000 | 00979nam a22002177a 4500 | ||
|---|---|---|---|
| 999 |
_c194100 _d194100 |
||
| 005 | 20230426110552.0 | ||
| 010 | _aB-747146-160 E.N.A./7.11.22 | ||
| 020 |
_a9788123707341 _c295.00 |
||
| 035 | _aB-747146-160 | ||
| 037 | _bVaibhav Publication | ||
| 082 | _a342.5402 | ||
| 100 | _aKashyap, Subhash C. | ||
| 245 |
_aOur constitution: _cby Subhash C. Kashyap _ban introduction to India's constitution and constitutional law / |
||
| 260 |
_aNew Delhi _bNational Book Trust _c2021 |
||
| 270 |
_aNehru Bhawan, 5 Institutional Area, Phase-II, Vasant Kunj _bNew Delhi _e110070 |
||
| 300 |
_axi, 416p _c22cm (pbk) |
||
| 490 | _aIndia- the land and the people | ||
| 500 | _aIncludes bibliographical references and index | ||
| 942 |
_2ddc _cEN _mKAS _h342.5402 |
||